000 00733nam a2200277Ia 4500
001 Para_9567
003 CHAP
008 220125s2007 xx 000 0 und d
010 _a208241
040 _cCHAP
082 _a646.7 H39
100 _aHay, Louise L.
_9174288
245 _aAmate y sana tu vida :
_b libro de trabajo /
_c por Louise L. Hay
250 _a22a. reimpresión
260 _aMéxico, D.F. :
_b Diana
300 _a188 p.
650 _aMotivación (psicología)
_979090
650 _aSuperación personal
_9143097
901 _a646.7 H39
902 _aM
905 _a0000002007 0000000000 00
910 _a2007
942 _cPARA
942 _cPARA
_d1
999 _c208241
_d208241